000 00835nam a2200265Ia 4500
001 21624
005 20260320113259.0
008 260320s9999||||xx |||||||||||||| ||und||
020 _a13245077101
041 _aESP
082 _a659.1
_bC288
100 _aCutlip, Scott, M.,
_eAUT
245 0 _a Effective public relations
_b
246 _a
_5
_b
250 _aSixth edition
260 _aEnglewood Cliffs :
_bPrentice-Hall,
_c1985
300 _axviii, 670 páginas :
_bfiguras ;
_c24 cm.
_e
440 _a
_n
_v
650 _aTCA
653 _aAdministración; Publicidad; Relaciones públicas
654 _aCAN
700 _aCenter, Allen H.; Broom, Glen M.
_cAUTS
856 _uhttps://login.ucsp.lookproxy.com/login?url=https://ebooks7-24.com/?aeds=1
_zVéase además: Base de datos Ebook7-24
942 _cLIB
_dJUS
_fTRC
_2ddc
_n
999 _c21624
_d21624